| 000 | 00362nam a2200133Ia 4500 | ||
|---|---|---|---|
| 005 | 20260328101451.0 | ||
| 008 | 260328s9999||||xx |||||||||||||| ||und|| | ||
| 100 | _aMcDonough, William | ||
| 245 | 0 |
_aCradle to cradle : _b Remaking the way we make things / _cWilliam McDonough |
|
| 260 | _bDatabook | ||
| 300 | _a193 p. | ||
| 650 | _aDISEÑO INDUSTRIAL | ||
| 942 | _cBK | ||
| 999 |
_c8658 _d8658 |
||